| 000 -LEADER | |
|---|---|
| fixed length control field | 00464nam a22001337a 4500 |
| 020 ## - INTERNATIONAL STANDARD BOOK NUMBER | |
| ISBN | 9781602581555 |
| 050 ## - LIBRARY OF CONGRESS CALL NUMBER | |
| Classification number | JA 71 clo |
| 100 ## - MAIN ENTRY--AUTHOR NAME | |
| Personal name | CLOR, Harry |
| 245 ## - TITLE STATEMENT | |
| Title | On Moderation- defending an ancient virtue in a modern world |
| 260 ## - PUBLICATION, DISTRIBUTION, ETC. (IMPRINT) | |
| Place of publication | Waco,Texas |
| Name of publisher | Baylor University Press |
| Year of publication | 2008 |
| 300 ## - PHYSICAL DESCRIPTION | |
| Number of Pages | x, 149p.; includes bibliographical references and index |
| 650 ## - SUBJECT ADDED ENTRY--TOPICAL TERM | |
| Topical Term | 1. Political science- Philosophy 2. Political ethics 3. Moderation Political aspects |
| 942 ## - ADDED ENTRY ELEMENTS (KOHA) | |
| Koha item type | Books |
| Koha item type | Collection code | Accession Number | Permanent Location | Current Location | Date acquired | Full call number |
|---|---|---|---|---|---|---|
| Books | Lending | 6419 | Chapman Library | Chapman Library | 2018-01-23 | JA 71clo |

